000 00263 a2200109 4500
020 _a9780545025836
041 _aspa
100 _aPilkey, Dav
245 _aCapitan Calzoncillos y la redicula historia de los seres del inodoro morado
942 _cBK
952 _7-1
999 _c22364
_d22364